| 000 | 00448nam a22001457a 4500 | ||
|---|---|---|---|
| 082 | _aP-288 | ||
| 100 |
_aCaptain Badr naveed Ahmed _948127 |
||
| 245 |
_aLightweight aggregate concrete high strength mix dsign _cCaptain Badr Naveed Ahmed, Captain Khalid Mehmood Khan |
||
| 260 |
_aRisalpur _bMCE _c2006 |
||
| 300 | _avi, 83 p: | ||
| 526 |
_a0 _b0 _c0 _dP_288 |
||
| 650 | _aProject | ||
| 700 |
_aLt Col Muhammad Iqbal (Retd) _948128 |
||
| 942 |
_2ddc _cBK |
||
| 999 |
_c551157 _d551157 |
||